|
|
|
|
| LEADER |
00000nam0a2200000 4500 |
| 001 |
85139 |
| 005 |
20231031100913.0 |
| 010 |
|
|
|a 5940874495
|
| 035 |
|
|
|a (RuTPU)RU\TPU\book\91480
|
| 090 |
|
|
|a 85139
|
| 100 |
|
|
|a 20051110d2005 k y0rusy50 ca
|
| 101 |
0 |
|
|a rus
|
| 102 |
|
|
|a RU
|
| 105 |
|
|
|a a l 000zy
|
| 200 |
1 |
|
|a Правила устройства электроустановок
|
| 205 |
|
|
|a 6-е и 7-е изд., с изм. и доп.
|
| 210 |
|
|
|a Новосибирск
|c Сибирское унив. изд-во
|d 2005
|
| 215 |
|
|
|a 853 с.
|c ил.
|
| 300 |
|
|
|a По сост. на 1 ноября 2005 г.
|
| 610 |
1 |
|
|a электроэнергетика
|
| 610 |
1 |
|
|a электроустановки
|
| 610 |
1 |
|
|a электроснабжение
|
| 610 |
1 |
|
|a электрические сети
|
| 610 |
1 |
|
|a проводники
|
| 610 |
1 |
|
|a электрические аппараты
|
| 610 |
1 |
|
|a короткое замыкание
|
| 610 |
1 |
|
|a электрическая энергия
|
| 610 |
1 |
|
|a электрические величины
|
| 610 |
1 |
|
|a учет
|
| 610 |
1 |
|
|a измерения
|
| 610 |
1 |
|
|a заземление
|
| 610 |
1 |
|
|a электробезопасность
|
| 610 |
1 |
|
|a приемосдаточные испытания
|
| 610 |
1 |
|
|a нормы
|
| 610 |
1 |
|
|a изоляция
|
| 610 |
1 |
|
|a электропроводка
|
| 610 |
1 |
|
|a токопроводы
|
| 610 |
1 |
|
|a кабельные линии
|
| 610 |
1 |
|
|a воздушные линии
|
| 610 |
1 |
|
|a ЛЭП
|
| 610 |
1 |
|
|a линии электропередачи
|
| 610 |
1 |
|
|a релейная защита
|
| 610 |
1 |
|
|a автоматика
|
| 610 |
1 |
|
|a телемеханика
|
| 610 |
1 |
|
|a вторичные цепи
|
| 610 |
1 |
|
|a распределительные устройства
|
| 610 |
1 |
|
|a преобразовательные подстанции
|
| 610 |
1 |
|
|a аккумуляторные установки
|
| 610 |
1 |
|
|a электросиловые установки
|
| 610 |
1 |
|
|a генераторы
|
| 610 |
1 |
|
|a компенсаторы синхронные
|
| 610 |
1 |
|
|a электродвигатели
|
| 610 |
1 |
|
|a коммутационные аппараты
|
| 610 |
1 |
|
|a краны
|
| 610 |
1 |
|
|a лифты
|
| 610 |
1 |
|
|a конденсаторные установки
|
| 610 |
1 |
|
|a электрическое освещение
|
| 610 |
1 |
|
|a осветительные приборы
|
| 610 |
1 |
|
|a специальные установки
|
| 610 |
1 |
|
|a электротермические установки
|
| 610 |
1 |
|
|a электросварочные установки
|
| 610 |
1 |
|
|a торфяные электроустановки
|
| 610 |
1 |
|
|a электролизные установки
|
| 610 |
1 |
|
|a устройство
|
| 610 |
1 |
|
|a правила
|
| 675 |
|
|
|a 621.31(083.13)
|v 3
|
| 801 |
|
1 |
|a RU
|b 63413507
|c 20051110
|g PSBO
|
| 801 |
|
2 |
|a RU
|b 63413507
|c 20090625
|g PSBO
|
| 942 |
|
|
|c BK
|